Die Kirchenpolitik Karls XI im Baltikum
| Titel: | Die Kirchenpolitik Karls XI im Baltikum |
|---|---|
| Verfasser: | |
| In: |
Riga und der Ostseeraum, (2005), Seite 367-379 alle Artikel anzeigen |
| Veröffentlicht: | 2005 |
| Format: | Aufsatz |
| Sprache: | Deutsch |
X
alg: 39164022 001A $01999:11-11-16 001B $01999:15-05-21 $t21:01:11.000 001D $01999:11-11-16 001U $0utf8 001X $00 002@ $0Aox 003@ $0391640224 007A $0391640224 $aHEB 007T $0Herd79023 010@ $ager 011@ $a2005 021A $aDie @Kirchenpolitik Karls XI im Baltikum 028A $aFriedrich $dMartin 031A $h367-379 $j2005 039B $aIn $8--Aau--. Riga und der Ostseeraum. - Marburg : Verl. Herder-Institut, 2005. - VIII, 486 S.. - Ill., graph. Darst., Kt.. - ISBN 3-87969-319-6 $x200500000000000633 $9133615367 045F $a200.94790903 $eDDC23BSB 045F/01 $a200.9 045F/03 $f0903 045F/03 $f0904 045F/03 $f0905 045F/03 $g479 lok: 39164022 78 exp: 39164022 78 1 #EPN 201B/01 $026-06-18 $t22:53:48.000 201U/01 $0utf8 203@/01 $0787734705 208@/01 $a11-11-16 $be 209A/01 $a/ $f000 $x00 220C/01 $aTitelaufnehmer: cs 244Z/01 $2Trx $#Baltijos šalys $#kraje bałtyckie $#Baltikum $8--Trx--Baltische Länder $x01 $9391352903 244Z/01 $#Sverigg $#Sweden $#Suède $#Konungariket Sverige $#Švecija $#Königreich Schweden $#Suecia $#Svezia $#Sverige $#Zviedrija $#Zweden $#Szwecja $#Kingdom of Sweden $74077258-5 $8--Tgz--Schweden $x02 $9085218812 244Z/01 $aGeschichte 1678-1697 $x03 244Z/01 $2Trx $8--Trx--$PKarl XI.$Z1655-1697 $x04 $9390849111 244Z/01 $2Trx $#kirikupoliitika $#bažnyčios politika $#Church policy $#egyházpolitika $#polityka kościelna $#politika cirkevná $#politika církevní $#Politik und Kirche $#Politik Kirchenpolitik $#polityka i kościół $8--Trx--Kirchenpolitik $x05 $9391366734 244Z/01 $2Trx $8--Trx--Einzelbeiträge $x06 $9391384570 245Z/01 $a10.02.02 $x01 247C/01 $82080>Marburg/Lahn, Herder-Institut, Forschungsbibliothek, Bibliographieportal $9336309341
| LEADER | 00000caa a22000002c 4500 | ||
|---|---|---|---|
| 001 | 391640224 | ||
| 003 | DE-603 | ||
| 005 | 20210515210111.0 | ||
| 007 | tu | ||
| 008 | 161111s2005 xx |||| | u00||u|ger c | ||
| 035 | |a (DE-599)HEB391640224 | ||
| 040 | |a DE-603 |b ger |c DE-603 |d DE-603 | ||
| 041 | |a ger | ||
| 082 | 0 | 4 | |8 1\u |a 200.94790903 |q DE-101 |2 23/BSB |
| 085 | |8 1\u |b 200.9 | ||
| 085 | |8 1\u |z 1 |s 0903 | ||
| 085 | |8 1\u |z 1 |s 0904 | ||
| 085 | |8 1\u |z 1 |s 0905 | ||
| 085 | |8 1\u |z 2 |s 479 | ||
| 100 | 1 | |a Friedrich, Martin | |
| 245 | 0 | 0 | |a Die Kirchenpolitik Karls XI im Baltikum |
| 264 | 0 | |c 2005 | |
| 773 | 0 | 8 | |i In |t Riga und der Ostseeraum |d Marburg : Verl. Herder-Institut, 2005 |h VIII, 486 S., Ill., graph. Darst., Kt. |z 3879693196 |g (2005), Seite 367-379 |w (DE-603)133615367 |
| 924 | 0 | |9 2080 |a (DE-603)787734705 |b DE-2080 |c HES |d d |g / | |


